000 02464cam a2200373 i 4500
001 6034
003 FISKH
005 20250304111003.0
008 170317s2017 miua j b 001 0 eng
010 _a 2016056584
020 _a9781634728263 (hardcover)
020 _z9781634729154 (pdf)
020 _a9781534100046 (pbk.)
020 _z9781534100930 (hosted ebook)
040 _aDLC
_beng
_cDLC
_erda
_dDLC
050 _aHV7922.A85
082 _a363.2
100 1 _aBell, Samantha,
_eauthor.
245 1 0 _aPolice officer /
_cSamantha Bell.
260 _aUnited State :
_bQEB Publishing,
_c2009
300 _a24 pages :
_bcolor illustrations ;
_c21 cm.
336 _atext
_btxt
_2rdacontent
337 _aunmediated
_bn
_2rdamedia
338 _avolume
_bnc
_2rdacarrier
504 _aIncludes bibliographical references and index.
505 0 _aWe need police officers. they help protect us -- They make sure everyone follows the law. They help keep us safe -- What are some ways you follow the law? -- Some officers ride bikes. Some ride motorcycles -- Some ride in cars. Some ride in boats. Some ride on horses -- The police keep the roads safe. They make drivers slow down. They stop bad drivers -- Sometimes cars break down. The police are ready to help -- Sometimes there is a car accident. Police officers come to help. They direct traffic. they investigate the accident. They make reports -- Some officers work in a neighborhood. They know the people who live there -- Some officers work in a school. They know the students. They know the teachers -- Police officers help people in trouble. They come to help if there is a fire. They help in a storm or -- Flood -- Has a police officer ever helped you? how? -- Some people break the law. They may steal. They may hurt someone. Police officers work to stop them -- Officers investigate crimes. They find evidence. They arrest the criminals -- Some officers work with dogs. The dogs are trained. They help find criminals. They help find people who are lost -- Police officers do many things. They solve problems. They take care of us -- What would you like to ask a police officer?.
520 _aIntroduces young children to the different jobs that help people in the community.
521 8 _a160
_bLexile estimate
521 8 _aE
_bRaz-Plus
650 0 _aPolice
_vJuvenile literature.
906 _a7
_bcbc
_corignew
_d1
_eecip
_f20
_gy-gencatlg
942 _2ddc
_cBK
_n0
999 _c6034
_d6034